El testamento /

Сохранить в:
Библиографические подробности
Главный автор: Garcia Amor, Julio Antonio Cuauhtémoc (autor)
Формат:
Язык:испанский
Опубликовано: México : Trillas, 2007, c2007
Метки: Добавить метку
Нет меток, Требуется 1-ая метка записи!

MARC

LEADER 00000nam^a2200000^a^4500
001 000584395
005 20250526000000.0
009 20260310132708.962
020 |a 968-24-7697-6 
037 |a Acervo ITESO - Biblioteca 
041 |a ESP 
091 |a FCO. 00849 
100 |a Garcia Amor, Julio Antonio Cuauhtémoc  |e (autor) 
245 1 3 |a El testamento / 
264 4 |a México :  |b Trillas,  |c 2007, c2007 
300 |a 252 p. ;  |c 23.0 cm. 
336 |a texto  |b txt  |2 rdacontenido 
337 |a sin mediación  |b n  |2 rdamedio 
338 |a volumen  |b nc  |2 rdasoporte 
649 |a XX 
910 |a Fondo Erich Coufal Kieswetter 
920 |a Impresos - Libros 
930 |a Libros Antiguos y Raros 
905 |a 142 
901 |a 0500412553  |b IT2  |c LRA  |i D  |u 20250526 
902 |a https://opac.biblio.iteso.mx/vufind/Record/000584395